header

Developing the workforce, shaping the future (Record no. 6040)

MARC details
000 -LEADER
fixed length control field 01517nam a2200361Ia 4500
001 - CONTROL NUMBER
control field ebr10276719
003 - CONTROL NUMBER IDENTIFIER
control field CaPaEBR
006 - FIXED-LENGTH DATA ELEMENTS--ADDITIONAL MATERIAL CHARACTERISTICS--GENERAL INFORMATION
fixed length control field m u
007 - PHYSICAL DESCRIPTION FIXED FIELD--GENERAL INFORMATION
fixed length control field cr cn|||||||||
008 - FIXED-LENGTH DATA ELEMENTS--GENERAL INFORMATION
fixed length control field 081203s2009 dcua sb 000 0 eng d
020 ## - INTERNATIONAL STANDARD BOOK NUMBER
Cancelled/invalid ISBN 9780821378168
Cancelled/invalid ISBN 0821378163
040 ## - CATALOGING SOURCE
Original cataloging agency CaPaEBR
Transcribing agency CaPaEBR
035 ## - SYSTEM CONTROL NUMBER
System control number (OCoLC)560617015
050 14 - LIBRARY OF CONGRESS CALL NUMBER
Classification number LC67.M28
Item number B37 2009eb
100 1# - MAIN ENTRY--PERSONAL NAME
Personal name Bashir, Sajitha.
245 10 - TITLE STATEMENT
Title Developing the workforce, shaping the future
Medium [electronic resource] :
Remainder of title transformation of Madagascar's post-basic education /
Statement of responsibility, etc Sajitha Bashir.
260 ## - PUBLICATION, DISTRIBUTION, ETC. (IMPRINT)
Place of publication, distribution, etc Washington, D.C. :
Name of publisher, distributor, etc World Bank,
Date of publication, distribution, etc c2009.
300 ## - PHYSICAL DESCRIPTION
Extent xix, 129 p. :
Other physical details ill.
490 1# - SERIES STATEMENT
Series statement World Bank working paper ;
Volume number/sequential designation no. 156
500 ## - GENERAL NOTE
General note "Africa Region Human Development Department."
504 ## - BIBLIOGRAPHY, ETC. NOTE
Bibliography, etc Includes bibliographical references.
533 ## - REPRODUCTION NOTE
Type of reproduction Electronic reproduction.
Place of reproduction Palo Alto, Calif. :
Agency responsible for reproduction ebrary,
Date of reproduction 2011.
Note about reproduction Available via World Wide Web.
-- Access may be limited to ebrary affiliated libraries.
650 #0 - SUBJECT ADDED ENTRY--TOPICAL TERM
Topical term or geographic name as entry element Education
General subdivision Economic aspects
Geographic subdivision Madagascar.
Topical term or geographic name as entry element Educational change
Geographic subdivision Madagascar.
Topical term or geographic name as entry element Education and state
Geographic subdivision Madagascar.
Topical term or geographic name as entry element Labor supply
Geographic subdivision Madagascar.
655 #7 - INDEX TERM--GENRE/FORM
Genre/form data or focus term Electronic books.
Source of term local
710 2# - ADDED ENTRY--CORPORATE NAME
Corporate name or jurisdiction name as entry element World Bank.
Subordinate unit Africa Regional Office.
-- Human Development Dept.
Corporate name or jurisdiction name as entry element ebrary, Inc.
830 #0 - SERIES ADDED ENTRY--UNIFORM TITLE
Uniform title World Bank working paper ;
Volume number/sequential designation no. 156.
856 40 - ELECTRONIC LOCATION AND ACCESS
Uniform Resource Identifier <a href="http://site.ebrary.com/lib/rucke/Doc?id=10276719">http://site.ebrary.com/lib/rucke/Doc?id=10276719</a>
Public note An electronic book accessible through the World Wide Web; click to view

No items available.

© 2026 Rongo University
Contact us: librarian | system librarian | Rongo university